Quizzes
Events
Quiz Creation
Community
Videos
Private Events
Remove Ads
Sign In
Join for FREE
Feedback
Dark Mode
Quiz Categories
Sports
Geography
Music
Movies
Television
Just For Fun
Miscellaneous
History
Literature
Language
Science
Gaming
Entertainment
Religion
Holiday
For Kids
Quiz Lab
Recent
Popular Today
Quiz Kudos Today
Editor Picks
Curator Picks
Quizzes by...
Day
Popularity
Type
Ratings
Length
Year
Community
Subscriptions
Recent Discussions
Orange Saloon
Badges
Playlists
Quests
Create
Leaderboards
Showdown
Live 5
Trivia Bingo
Activity
Puzzle Library
Sporcle Events
Private Events
Virtual Trivia
Globe League
Become a Host
Pub Owners
SporcleCon
Opinionation
Our Games
Videos
Blog
Mobile Apps
Partnerships
Remove Ads and Go Orange
Feedback
History
US Presidents
World Leaders
Politics
Nation
Discovery
War
Decade
Year
Century
Biography
Art
History
US Presidents
World Leaders
Politics
Nation
Discovery
War
Decade
Year
Century
Biography
Art
Random Quiz
Search Sporcle
×
Quiz Lab
Quiz Lab
History
Nazi
Type in answers that appear in a list
Type in answers that appear in a list
Classic
Best Score? Go Orange.
Nazi Economics Stats
Answer the questions based around some elements of the Nazi economy
By
cheadle01
10m
22 Questions
115 Plays
115 Plays
115 Plays
Comments
Comments
Give Quiz Kudos
Give Quiz Kudos
-
- Ratings
hide this ad
More Info
Replay
Link that replays current quiz
Next Quiz
Link to next quiz in quiz playlist
You Got
0%
They Got
Avg Score
37%
Avg Friend Score
Upgrade to see
Score Distribution
Jump to the score distribution portion of the page
Score
0/22
Timer
10:00
0
Plays Today
Hint
Answer
% Correct
Name of the German motorway built as a result of Nazi public work schemes
Autobahn
71.3%
Complete the Goering quote... 'weapons make us stronger, butter makes us...'
fat
65.2%
Economic minister from 1936
Goering
59.1%
Conflict whereby the German's were able to support Franco's troops and test the army for the fist time since rearmament
Spanish Civil War
55.7%
Economic disaster that occurred in 1929, that impacted heavily on the German economy
Wall Street Crash
54.8%
German term promoted by Hitler translating as 'self-
sufficiency'
Autarky
51.3%
Economic plan introduced by the Nazis in 1936, that historians suggest shows Hitler's intent to go to war
Four Year Plan
48.7%
German Economic Minister between 1933 -
36?
Hjalmar Schacht
47%
Name of the organisation that gave incentives to the German work force, which included cruises and theater trips
Strength Through Joy
44.3%
Most powerful and influential large chemicals company in Nazi Germany
IG Farben
41.7%
Name of the one German trade union group created in 1933
German Labour Front
41.7%
Hint
Answer
% Correct
Name of the most famous German steel company in Nazi Germany
Krupp
41.7%
Name of the period of prosperity in the Weimar Republic
Golden years
30.4%
Economic plan created in 1935
New Plan
29.6%
The Nazi Reich Food Minister 1933 -
42
Walter Darre
28.7%
IOU bills created through a fake Nazi company
Mefo Bill
25.2%
Name of Darre's ideological promise of prosperity to farmers
Blood and Soil
20%
Finance strategy the Nazis implemented from 1933, spending more money than they earned through tax and industrial profits
deficit
20%
Name of the German currency reinstated by Hitler when the Nazis came to power
RM
18.3%
Name of the organisation that farmers were made to be apart of
Reich Food Estate
11.3%
Phase of Nazi economics between 1933 -
36
Recovery
11.3%
Nazi policy based around merging small businesses into massive businesses
cartelisation
7.8%
Quiz Playlist
Details
Report
Send in Message
Add To Playlist
More Info:
Created for students of Nazi Germany. Very useful for AQA module HIS2M. Good luck
Classic:
Type in answers that appear in a list
Last Updated: Feb 16, 2017
Quiz Scoreboard
CHALLENGE
Sign Up to Join the Scoreboard
Show All
Scores
Hide
Comments
May contain spoilers
Recently Published
Billboard Blitz: Fleetwood Mac
by CooCooCachoo
Music
15s
Presidents Visiting Landmarks
by Hejman
History
7m
An Introduction to Baseball
by treessimontrees
Sports
5m
More to Explore
Quiz From the Vault
Featured Blog Post
Where Did the Easter Bunny Come From?
hide this ad
You Might Also Like...
Tags
economics
Economy
Nazi
Today's Top Quizzes in History
Browse History
hide this ad
Today's Top Quizzes in Nazi
Browse Nazi
Top Contributed Quizzes in History
1
Popular People in 1991
2
Popular People in 1981
3
Popular People in 1951
4
Popular People in 1941
5
Popular People in 1986
6
Popular People in 1976
7
Popular People in 1921
8
I Am Born On March 28th
9
5-to-1: 20th Century Images of War
10
Popular People in 1946
Explore More
Trending Topics
Anime
Marvel
Disney
Kpop
Harry Potter
NBA
Crossword
The Office
Country
Puzzle
NFL
Song
Pokémon
WWE
Soccer
hide this ad
More By:
cheadle01
Quiz
Plays
Rating
Category
Featured
Created
Nazi Economics
115
3.00
History
Feb 13, 2014
Go to Creator's Profile
Score Distribution
Quiz Creator Spotlight
cheadle01
Follow
Send a Message
Quizzes Created
-
Created Quiz Play Count
-
More By This Creator
Popular Quizzes Today
1
Find the US States - No Outlines Minefield
2
Find the Countries of Europe - No Outlines Minefield
3
The Countries of the World
4
Find the US States
5
US States
6
Popular People in 1961
7
Risky Map Clicking: Biggest States A-Z
8
Movies - When Are They Set?
More History Quizzes
On This Day: March 31st II
Published
Trending Quizzes
Risky Map Clicking: Least Populous States A-Z
1-10 Letter G Words
1-10 Letter F Words
Risky Map Clicking: Next State Alphabetically
'A' Boys' Names Grid
Recently Updated
Leaping Animals
pecheneg
Reality TV Shows (A-Z)
bhenderson79
Rickey Henderson's Hall of Fame Teammates
pecheneg
Champions League XIs: Arsenal
pecheneg
Quick Pick: Celebrities in WWE's Hall of Fame
aduchscher
A-Z Keypad Blitz II
pecheneg
Multiple Oscar Actors
pecheneg
Mystery Phrase Blitz: Oscar 'Best Actors'
pecheneg
F. Scott Fitzgerald Novels
LTH
Pick 3 Villains
ddd62291
Trending Topics
Marvel
Crossword
Anime
NBA
Harry Potter
Disney
Kpop
WWE
Puzzle
Soccer
Song
NFL
Country
The Office
Pokémon
Your Account Isn't Verified!
In order to create a playlist on Sporcle, you need to verify the email address you used during registration. Go to your
Sporcle Settings
to finish the process.
Report this User
Report this user for behavior that violates our
Community Guidelines
.
Details:
Send Report
Go to the Sporcle.com Mobile Site →
Comments